000 00574 a2200205 4500
005 20260417114322.0
008 260417b |||||||| |||| 00| 0 eng d
020 _a9781138694767
_cRs. 1295.00
040 _aMAIN
082 _a333.72072
_bN46C
100 _aNewing, Helen
245 _aConducting research in conservation: A social science perspective
260 _bRoutledge
_aOxon
_c2016
300 _axx, 376
650 _aEconomics
650 _aEnergy - Natural Resources
650 _aEnvironmental Conservation
650 _aResearch Methods
942 _cBK
999 _c396856
_d396856